| 000 | 00700cam a22002533a 4500 | ||
|---|---|---|---|
| 001 | 2931 | ||
| 003 | PGUSA | ||
| 005 | 20140828083023.0 | ||
| 008 | 011101s2001||||xxu|||||s|||||000 | eng d | ||
| 040 |
_aPGUSA _beng |
||
| 042 | _adc | ||
| 050 | 4 | _aQH | |
| 100 | 1 |
_aHuxley, Thomas Henry, _d1825-1895 |
|
| 245 | 1 | 0 |
_aEvidence as to Man's Place in Nature _h[electronic resource] / _cThomas Henry Huxley |
| 260 |
_bProject Gutenberg, _c2001 |
||
| 506 | _aPublic domain in the USA. | ||
| 516 | _aElectronic text | ||
| 653 | _aApes | ||
| 653 | _aHuman beings -- Origin | ||
| 653 | _aEvolution | ||
| 830 | 0 |
_aProject Gutenberg _v2931 |
|
| 856 | 4 | 0 | _uhttp://www.gutenberg.org/ebooks/2931 |
| 942 | _cEB | ||
| 999 |
_c232261 _d232261 |
||